Online Catalogue and eLibrary

Api budu wenawa (Record no. 791)

MARC details
000 -LEADER
fixed length control field 00324nam a2200145Ia 4500
005 - DATE AND TIME OF LATEST TRANSACTION
control field 20250514011411.0
008 - FIXED-LENGTH DATA ELEMENTS--GENERAL INFORMATION
fixed length control field 240331s9999 xx 000 0 und d
082 ## - DDC Classification
Class No. 200.042
Item Number - Author Mark PER
100 ## - MAIN ENTRY--PERSONAL NAME
Personal name Perera, P
245 #0 - TITLE STATEMENT
Title Api budu wenawa
260 ## - PUBLICATION, DISTRIBUTION, ETC.
Place of publication, distribution, etc. Colombo
Name of publisher, distributor, etc. Pear perera
300 ## - PHYSICAL DESCRIPTION
Extent (e.g. Volumes, Pages etc.) 60 p .,
650 ## - SUBJECT ADDED ENTRY--TOPICAL TERM
Topical term or geographic name entry element Buddhism
942 ## - Koha item type (Biblio)
Koha item type Books in Stacks (Lending)
Holdings
Lost status Damaged status Collection code Home library Current library Shelving location Date acquired Full call number Accession Number Item type
    Lending WERC Library WERC Library Social Science Cupboard 03/31/2024 200.042 PER 2099 Books in Stacks (Lending)

© WERC Library